Statistiken für Legendäre Musikvideos 2

Klicken Sie hier um das Quiz zu spielen!

Allgemein

  • Dieses Quiz wurde 258 mal gespielt
  • Das Durchschnittsergebnis liegt bei 10 aus 15

Antwortstatistiken

HintAntwort% Korrekt
Michael Jackson - Thriller
98%
Eminem - The Real Slim Shady
97%
Billie Eilish - when the party's over
95%
Beyoncé - Formation
85%
Lil Nas X - MONTERO
82%
Queen – Bohemian Rhapsody
81%
Sia - Chandelier
79%
Madonna - Vogue
77%
Nirvana - Smells Like Teen Spirit
76%
Kanye West - Bound 2
68%
Imagine Dragons - Radioactive
54%
My Chemical Romance - Welcome To The Black Parade
48%
Björk - It's Oh So Quiet
37%
The White Stripes - Fell In Love With A Girl
35%
Fatboy Slim - Weapon of Choice
34%

Verteilung der Resultate

Perzentil nach korrekt beantworteten Fragen

Anzahl Personen mit jedem Resultat

Ihre Resultats-Entwicklung

Sie haben dieses Quiz noch nicht gespielt